Library Logo

Pioneer International University Library Catalogue

Consumer behavior / (Record no. 10044)

MARC details
000 -LEADER
fixed length control field 01010nam a22002897a 4500
003 - CONTROL NUMBER IDENTIFIER
control field OSt
005 - DATE AND TIME OF LATEST TRANSACTION
control field 20260402082514.0
008 - FIXED-LENGTH DATA ELEMENTS--GENERAL INFORMATION
fixed length control field 260402b |||||||| |||| 00| 0 eng d
010 ## - LIBRARY OF CONGRESS CONTROL NUMBER
LC control number 8167232
020 ## - INTERNATIONAL STANDARD BOOK NUMBER
International Standard Book Number 0030592429
040 ## - CATALOGING SOURCE
Transcribing agency THE DRYDEN PRESS
041 ## - LANGUAGE CODE
Language code of text/sound track or separate title english
050 ## - LIBRARY OF CONGRESS CALL NUMBER
Classification number HF 5415.32 .E54 1982
Item number .E54 1982
100 ## - MAIN ENTRY--PERSONAL NAME
Personal name Engel, James F.
Relator term Author.
245 ## - TITLE STATEMENT
Title Consumer behavior /
Statement of responsibility, etc. James F. Engel and Roger D. Blackwell.
250 ## - EDITION STATEMENT
Edition statement 4th ed.
260 ## - PUBLICATION, DISTRIBUTION, ETC.
Place of publication, distribution, etc. Chicago:
Name of publisher, distributor, etc. The Dryden Press,
Date of publication, distribution, etc. 1982.
300 ## - PHYSICAL DESCRIPTION
Extent vii, 690 pages. :
Other physical details ill. ;
Dimensions 24 cm.
504 ## - BIBLIOGRAPHY, ETC. NOTE
Bibliography, etc. note Includes bibliographical references and index.
520 ## - SUMMARY, ETC.
Summary, etc. This book examines the processes and factors influencing consumer behavior, including psychological, social, and cultural determinants of purchasing decisions.
650 ## - SUBJECT ADDED ENTRY--TOPICAL TERM
Topical term or geographic name entry element Consumer behavior.
650 ## - SUBJECT ADDED ENTRY--TOPICAL TERM
Topical term or geographic name entry element Consumers
650 ## - SUBJECT ADDED ENTRY--TOPICAL TERM
Topical term or geographic name entry element Marketing
General subdivision Management
655 ## - INDEX TERM--GENRE/FORM
Source of term lcgft
Genre/form data or focus term Textbooks.
700 ## - ADDED ENTRY--PERSONAL NAME
Personal name Blackwell, Roger D.
Relator term author.
942 ## - ADDED ENTRY ELEMENTS (KOHA)
Source of classification or shelving scheme Library of Congress Classification
Koha item type Books
Edition 4th ed.
Suppress in OPAC No
Holdings
Withdrawn status Lost status Source of classification or shelving scheme Damaged status Not for loan Home library Current library Date acquired Total checkouts Full call number Barcode Date last seen Price effective from Koha item type
    Library of Congress Classification     PIU Library Main Library 04/02/2026   HF 5415.32 .E54 1982 PIUDLMUR945 04/02/2026 04/02/2026 Books